Libro de actas. (Record no. 46771)
[ view plain ]
| 000 -LEADER | |
|---|---|
| campo de control de longitud fija | 00470nam a2200157 i 4500 |
| 001 - NÚMERO DE CONTROL | |
| campo de control | 46771 |
| 003 - IDENTIFICADOR DE NÚMERO DE CONTROL | |
| campo de control | ES-MaACL |
| 005 - FECHA Y HORA DE LA ÚLTIMA TRANSACCIÓN | |
| campo de control | 20230906161438.0 |
| 007 - CAMPO FIJO DE DESCRIPCIÓN FÍSICA--INFORMACIÓN GENERAL | |
| campo de control de longitud fija | t| |
| 008 - DATOS DE LONGITUD FIJA--INFORMACIÓN GENERAL | |
| campo de control de longitud fija | 030401s1964 sp ||||1| spa d |
| 111 2# - ENTRADA PRINCIPAL--NOMBRE DE CONGRESO/REUNIÓN | |
| Nombre de congreso/reunión o jurisdicción como elemento de entrada | Congreso General de la Unión Médica Mediterránea ( |
| Número del congreso/reunión o número de parte o sección | 3º. |
| Fecha del congreso o de la firma del tratado | 1963. |
| Sede del congreso/Lugar de la reunión | San Sebastián) |
| 9 (RLIN) | 375 |
| 245 10 - MENCIÓN DEL TÍTULO | |
| Título | Libro de actas. |
| 260 ## - PUBLICACIÓN, DISTRIBUCIÓN, ETC. | |
| Lugar de publicación, distribución, etc. | Zarauz : |
| Nombre del editor, distribuidor, etc. | [s.n., |
| Fecha de publicación, distribución, etc. | 1964] |
| 300 ## - DESCRIPCIÓN FÍSICA | |
| Extensión | LX, 394 p., 2 lám. : |
| Otras características físicas | il. ; |
| Dimensiones | 25 cm. |
| 852 ## - LOCALIZACIÓN | |
| Ubicación | ES-MaACL |
| Número de control de estantería | C-26339 |
| Sublocalización o colección | R.55381 |
| Estatus retirado | Estado de pérdida | Estado de daño | No para préstamo | Biblioteca de origen | Biblioteca actual | Ubicación en estantería | Fecha de adquisición | Fuente de adquisición | Total de préstamos | Signatura topográfica completa | Código de barras | Visto por última vez | Precio de reemplazo | Tipo de ítem Koha |
|---|---|---|---|---|---|---|---|---|---|---|---|---|---|---|
| Biblioteca del Ateneo de Madrid | Biblioteca del Ateneo de Madrid | Depósito 2 | 17/01/2008 | C-26339 | 1049193 | 23/02/2023 | 23/02/2023 | Libro impreso |
